Statistics for States with U.S. Civil War Battles

Click here to take the quiz!

General Stats

  • This quiz has been taken 90 times
  • The average score is 19 of 23

Answer Stats

State% Correct
Virginia
99%
Texas
96%
Alabama
95%
South Carolina
95%
Mississippi
95%
Florida
95%
North Carolina
93%
Kentucky
93%
Tennessee
93%
Georgia
92%
Maryland
91%
Arkansas
89%
West Virginia
89%
Pennsylvania
88%
Louisiana
85%
Missouri
83%
Kansas
80%
Ohio
79%
Arizona
71%
Indiana
71%
Oklahoma
67%
New Mexico
59%
Maine
39%

Score Distribution

Percentile by Number Answered

Percent of People with Each Score

Your Score History

You have not taken this quiz